| 000 | nam a22 a 4500 | ||
|---|---|---|---|
| 999 |
_c1864 _d1864 |
||
| 005 | 20170512105008.0 | ||
| 008 | 170512b2013 my ||||| |||| 00| 0 eng d | ||
| 040 | _aAKMAL | ||
| 082 | _a343.5950552 MAL | ||
| 090 |
_a343.5950552 _bMAL |
||
| 245 |
_aAKTA CUKAI JUALAN 1972 / SALES TAX ACT 1972 _bPERINTAH CUKAI JUALAN ( PEGECUALIAN ) 2013 / SALES TAX ( EXEMPTION ) ORDER 2013 _cPERCETAKAN NASIONAL MALAYSIA BERHAD |
||
| 260 |
_aKUALA LUMPUR _bPERCETAKAN NASIONAL MALAYSIA BERHAD _c2013 |
||
| 300 |
_a339 ms _ccm |
||
| 942 |
_2ddc _cBOOK |
||